Marriage and Divorce (Record no. 20)
[ view plain ]
| 000 -LEADER | |
|---|---|
| fixed length control field | 00428nam a2200145 4500 |
| 008 - FIXED-LENGTH DATA ELEMENTS--GENERAL INFORMATION | |
| fixed length control field | 10 |
| 020 ## - INTERNATIONAL STANDARD BOOK NUMBER | |
| International Standard Book Number | 978-978-59453-0-0 |
| 082 ## - DEWEY DECIMAL CLASSIFICATION NUMBER | |
| Item number | 3060 |
| 100 ## - MAIN ENTRY--PERSONAL NAME | |
| Personal name | Rev.Pam David Gyang. |
| Date of a work | 2022 |
| Language of a work | English |
| Title of a work | Marriage and Divorce |
| 245 ## - TITLE STATEMENT | |
| Title | Marriage and Divorce |
| 260 ## - PUBLICATION, DISTRIBUTION, ETC. | |
| Place of publication, distribution, etc. | Jos Plateau State |
| Name of publisher, distributor, etc. | Cocin Printing Press |
| Date of publication, distribution, etc. | 2022 |
| Place of manufacture | Jos Plateau State |
| Manufacturer | Cocin Printing Press |
| Date of manufacture | 2022 |
| 300 ## - PHYSICAL DESCRIPTION | |
| Extent | xi,301ps. |
| Dimensions | 21.5cm |
| 942 ## - ADDED ENTRY ELEMENTS (KOHA) | |
| Source of classification or shelving scheme | Dewey Decimal Classification |
| Call number prefix | 3066 |
No items available.
